| 000 | 00414 a2200109 4500 | ||
|---|---|---|---|
| 001 | ART_42621 | ||
| 005 | 20260410161743.0 | ||
| 008 | 260409a | ||
| 245 | 1 | 0 | _aVigencia del principio de irrenunciabilidad de derechos laborales ante el Servicio de Homologación de las Comisiones Médicas Jurisdiccionales |
| 100 | 1 | _aDuarte, David | |
| 773 | 0 |
_tDoctrina laboral _g- Nº 382 (jun. 2017) _wREV4049 |
|
| 999 |
_c18912 _d18912 |
||